| 000 | 00728nam a22002411 4500 | ||
|---|---|---|---|
| 001 | 29381 | ||
| 003 | BD-RjUL | ||
| 005 | 20211209051415.0 | ||
| 008 | 140403r19481941enk 1 0 eng d | ||
| 035 | _a(BD-RjUL)29466 | ||
| 035 | _a(BD-RjUL) | ||
| 040 |
_aBD-RjUL _beng _cBD-RjUL |
||
| 041 | _aeng | ||
| 082 |
_a150.1952 _bDAP V-2 1948 |
||
| 100 | 1 |
_aDalbiez, Roland. _987012 |
|
| 245 | 1 | 0 |
_aPsychoanalytical method and the doctrine of Freud / _ctr. from the French by T.F.Lindsay. _nVolume II _pDiscussion |
| 260 |
_aLondon : _bLongmans, Green, _c1941 [reprinted 1948] |
||
| 300 |
_axii, 331 p. : _c21cm. |
||
| 504 | _aIncludes index. | ||
| 505 | 0 | _aV.2: Discussion. | |
| 650 | 0 |
_aPsychoanalysis. _989605 |
|
| 942 |
_2ddc _cBK |
||
| 999 |
_c29381 _d29381 |
||